000 00494nam a2200193Ia 4500
003 OSt
005 20251219150444.0
008 220923b |||||||| |||| 00| 0 ori d
037 _cTB
040 _aARTS
_cARTS
_bORI
041 _2ORI
_aORI
084 _aO1591,3NDA,BK K9
_qAL
100 _aDas K.G.
_9214526
245 0 _aBisha kanya
260 _c1969
650 _aORIYA LITERATURE
_927692
942 _hO1591,3NDA,6, K9
_cTB
_2CC
_n0
999 _c452799
_d452799